Documento firmado por Don Nicolás Fernando de Torres (Record no. 4962)

MARC details
000 -CABECERA
campo de control de longitud fija 01575nam a2200301 a 4500
001 - NÚMERO DE CONTROL
campo de control BRCA_5268
005 - FECHA Y HORA DE LA ÚLTIMA TRANSACCIÓN
campo de control 20190320205017.0
008 - DATOS DE LONGITUD FIJA--INFORMACIÓN GENERAL
campo de control de longitud fija 011210s1732----mx-######v---#000-0#spa-#
041 ## - CÓDIGO DE LENGUA
Código de lengua del texto/banda sonora o título independiente spa
044 ## - CÓDIGO DEL PAÍS DE LA ENTIDAD EDITORA/PRODUCTORA
Código MARC del país mx
084 ## - OTRO NÚMERO DE CLASIFICACIÓN
Número de clasificación DOC131
Número de documento/Ítem .T67
-- 1732
100 1# - ENTRADA PRINCIPAL--NOMBRE DE PERSONA
Nombre de persona Torres, Nicolás Fernando de
9 (RLIN) 13495
245 10 - MENCIÓN DE TÍTULO
Título Documento firmado por Don Nicolás Fernando de Torres
Mención de responsabilidad, etc. Nicolás Fernando de Torres.
260 ## - PUBLICACIÓN, DISTRIBUCIÓN, ETC.
Lugar de publicación, distribución, etc. S.L.P., México
Fecha de publicación, distribución, etc. 1732
300 ## - DESCRIPCIÓN FÍSICA
Extensión [63] fojas
Dimensiones 31 x 21 cm.
500 ## - NOTA GENERAL
Nota general Testamento y Codicilio de Don Nicolás Fernando de Torres, fundador del convento de Carmelitas de San Luis Potosí. El testamento detallado, legado a religiosos y parientes y algunos documentos de sus albaceas y favorecidos a fin de legalizar su dote.
500 ## - NOTA GENERAL
Nota general Al márgen sello con el escudo de la Casa de Borbón y lema: ´SELLO SEGUNDO. SEIS REALES. AÑOS DE MIL SETECIENTOS TREINTA Y UNO Y TREINTA Y DOS´.
500 ## - NOTA GENERAL
Nota general El documento contiene la leyenda DOC. #299.
500 ## - NOTA GENERAL
Nota general Papel con marca de agua.
500 ## - NOTA GENERAL
Nota general Estado de conservación: contiene pequeñas lagunas, a la foja 3 le falta la esquina inferior derecha, manchas por acidez en el papel y márgenes deteriorados.
506 0# - NOTA DE RESTRICCIONES AL ACCESO
Limitaciones de acceso Fondo Reservado. Para su consulta es necesario credencial de usuario y carta de motivos.
546 ## - NOTA DE LENGUA/LENGUAJE
Nota de lengua/lenguaje Texto en: español de principios del siglo XVIII.
600 14 - PUNTO DE ACCESO ADICIONAL DE MATERIA--NOMBRE DE PERSONA
Nombre de persona Torres, Nicolás Fernando de
Subdivisión general Historia
9 (RLIN) 13496
650 14 - PUNTO DE ACCESO ADICIONAL DE MATERIA--TÉRMINO DE MATERIA
Término de materia o nombre geográfico como elemento de entrada Documentos legales
Subdivisión de forma Manuscritos
Subdivisión general Historia
9 (RLIN) 12814
651 #4 - PUNTO DE ACCESO ADICIONAL DE MATERIA--NOMBRE GEOGRÁFICO
Nombre geográfico México
Subdivisión general Historia
Subdivisión cronológica Colonia, 1521-1821
9 (RLIN) 12461
902 ## - CATALOGADOR
Iniciales FDH
942 ## - ELEMENTOS DE PUNTO DE ACCESO ADICIONAL (KOHA)
Fuente del sistema de clasificación o colocación Library of Congress Classification
Tipo de ítem Koha Documentos
Holdings
Estado de retiro Estado de pérdida Estado dañado No para préstamo Localización permanente Ubicación/localización actual Fecha de adquisición Total de préstamos Signatura topográfica completa Código de barras Fecha visto por última vez Precio válido a partir de Tipo de ítem Koha
El ejemplar forma parte de la colección y puede ser consultado según las políticas vigentes.       Biblioteca del Museo Franz Mayer (Rogerio Casas-Alatriste) Biblioteca del Museo Franz Mayer (Rogerio Casas-Alatriste) 01/12/2010   DOC131 .T67 1732 5703 22/03/2019 22/03/2019 Documentos